000 00304nam a22001337a 4500
999 _c529572
_d529572
003 NUST
038 _aMSOHAIL
082 _a0
100 _aShaw L. Yu
_921878
245 _aStorm water management for transportation
260 _aWashington
_bTRB
_c1991
300 _a81,p;
_c28cm
_ep/b
942 _2ddc
_cBK